000 00205nam a22000857a 4500
001 1235315
005 20250930123100.0
245 _aGARAJDAKİ GİZ
_cDAVİD ALMOND
260 _bGÜNIŞIĞI KİTAPLIĞI YAYINLARI
999 _c1235315
_d1235315